00376nam a2200145Ia 4500008004100000020001500041041001200056082001600068100001700084245006400101260002600165300000900191650001600200700001400216221030s9999 xx 000 0 und d a8188057088 aEnglish a105.23bSha aA. Shanmugam 0aComputer Communication networkscby A. Shanmugam, S. Rajeev bISTEaNew Delhic2001 a9.56 aBE Computer aS. Rajeev